The discovered self: (Record no. 16958)

000 -LEADER
fixed length control field 00557nam a2200169 a 4500
001 - CONTROL NUMBER
control field :::00020303$&:&@@
003 - CONTROL NUMBER IDENTIFIER
control field OkBaRHE
005 - DATE AND TIME OF LATEST TRANSACTION
control field 20110421163737.0
008 - FIXED-LENGTH DATA ELEMENTS--GENERAL INFORMATION
fixed length control field s1985 j 000 0 eng u
040 ## - CATALOGING SOURCE
Transcribing agency
100 1# - MAIN ENTRY--PERSONAL NAME
Personal name Wilson, Earl D.
245 14 - TITLE STATEMENT
Title The discovered self:
Remainder of title the search for self-acceptance.
260 ## - PUBLICATION, DISTRIBUTION, ETC. (IMPRINT)
Place of publication, distribution, etc Downers Grove, IL
Name of publisher, distributor, etc InterVarsity Press
Date of publication, distribution, etc 1985
300 ## - PHYSICAL DESCRIPTION
Extent 144 p.
942 ## - ADDED ENTRY ELEMENTS (KOHA)
Source of classification or shelving scheme
Koha item type Books
Copies
Withdrawn status Source of classification or shelving scheme Koha item type Barcode Full call number Current Location Permanent Location Price effective from Not for loan Copy number Date last seen Shelving location Lost status Date acquired Damaged status
  Books00020303BV 4509.5 .W495RHEMA Bible Training CollegeRHEMA Bible Training College2010-04-14 12010-04-14General Stacks 2010-04-14